Corporate social responsibility reporting
Dôvody zverejňovania stavu korporátnej sociálnej zodpovednosti (CSR) podniku. Inštitúcie a ukazovatele definujúce SCR. Metódy hodnotenia stavu CSR v podniku.
Guardado en:
| Autor principal: | |
|---|---|
| Otros Autores: | , |
| Formato: | Capítulo de libro |
| Lenguaje: | inglés |
| Materias: | |
| Etiquetas: |
Sin Etiquetas, Sea el primero en etiquetar este registro!
|
MARC
| LEADER | 00000naa a2200000 4500 | ||
|---|---|---|---|
| 001 | 0205608 | ||
| 005 | 20231018110149.0 | ||
| 041 | 0 | |a eng | |
| 044 | |a CZ | ||
| 245 | 1 | 0 | |a Corporate social responsibility reporting |c Emese Tokarčíková, Viera Bartošová, Oľga Poniščiaková |
| 520 | |a Dôvody zverejňovania stavu korporátnej sociálnej zodpovednosti (CSR) podniku. Inštitúcie a ukazovatele definujúce SCR. Metódy hodnotenia stavu CSR v podniku. | ||
| 610 | 2 | 0 | |a zodpovednosť podniku spoločenská |
| 610 | 2 | 0 | |a reporting |
| 610 | 2 | 0 | |a audit |
| 610 | 2 | 0 | |a štandardy |
| 100 | 1 | |a Tokarčíková, Emese | |
| 700 | 1 | |a Bartošová, Viera | |
| 700 | 1 | |a Poniščiaková, Oľga | |